Statistics for Fictional Characters by Mustache - Picture Quiz

Click here to take the quiz!

General Stats

  • This quiz has been taken 18,790 times
    (18,757 since last reset)
  • The average score is 9 of 16

Answer Stats

Answer% Correct
Mario
99%
Robin Hood
89%
Mr. Potato Head
76%
Captain Hook
72%
Ned Flanders
72%
Borat Sagdiyev
67%
Lorax
64%
Bob Belcher Jr.
57%
Astérix
53%
Ron Burgundy
53%
Vito Corleone
52%
Geppetto
47%
Yosemite Sam
45%
Hercule Poirot
39%
Inigo Montoya
36%
Lando Calrissian
31%

Score Distribution

Percentile by Number Answered

Percent of People with Each Score

Your Score History

You have not taken this quiz since the last reset